01136nas a2200277Ia 4500001001600000003001000016008004100026040002500067041001300092100001900105210003000124222003000154245002500184250001100209260000900220501012300229300001400352362003200366500017900398650004600577700001100623942000700634957000600641999003300647952017800680A09/R103-51064 IT-MiCISF161014c99999999xx |||||||||||| ||und|| aIT-MiCISFcIT-MiCISF aITALIANO aNoia Giuseppe  aConsultori familiari oggi aConsultori familiari oggi 0aLa consulenza medica a1a ed. c2012 bCISF - Centro Internazionale Studi Famiglia - Via Giotto, 36 20145 MILANO (non commercial uses only)cCopyright 2016 app. 35-51 an. 1, gennaio-giugno [2012] aMasini L., Visconti D., Fortunato G., D'Errico M., Riccardi M., Pellegrino M., Caruso A. Tema: consulenza, malattia, periodo-perinatale, periodo-neonatale, diagnosi-prenatale aFAMIGLIA - consulenza familiarevarticolo aAA.VV. cCR 71 a51064bSig1c226122d226122 0010406A_09_000000000000000_R1035106471aCISFbCISFd2016-10-14l0oA09/R103-51064 r2016-10-14 00:00:00w2016-10-14yCRzData import 15.10.2016 / by Epidotti, Vaglietti